NFL: Top 3 Most Receptions in Each Draft Round (2021) - Statistics

General Stats
  • This quiz has been taken 59 times
    21 since last reset
  • The average score is 6 of 24
Answer Stats
Round # Player Catches College % Correct
First Round 5th Ja'Marr Chase 411 LSU
89%
First Round 10th DeVonta Smith 315 Alabama
84%
Sixth Round 204th Shi Smith 28 South Carolina
84%
Fourth Round 112th Amon-Ra St. Brown 443 USC
74%
First Round 6th Jaylen Waddle 323 Alabama
63%
Second Round 35th Javonte Williams 166 North Carolina
42%
Second Round 34th Elijah Moore 204 Ole Miss
32%
Second Round 49th Rondale Moore 135 Purdue
32%
Undrafted N/A Deon Jackson 35 Duke
16%
Third Round 89th Nico Collins 224 Michigan
16%
Sixth Round 194th Elijah Mitchell 28 Louisiana
11%
Third Round 77th Joshua Palmer 190 Tennessee
11%
Seventh Round 249th Ben Skowronek 64 Northwestern / Notre Dame
5%
Fourth Round 126th Chuba Hubbard 129 Oklahoma State
5%
Fifth Round 150th Kenneth Gainwell 108 Memphis
5%
Sixth Round 217th Khalil Herbert 53 Kansas / Virginia Tech
5%
Fifth Round 147th Brevin Jordan 53 Miami
0%
Undrafted N/A Brock Wright 59 Notre Dame
0%
Seventh Round 258th Dax Milne 15 BYU
0%
Undrafted N/A Jack Stoll 22 Nebraska
0%
Seventh Round 229th Mike Strachan 6 Charleston (WV)
0%
Fifth Round 162nd Noah Gray 105 Duke
0%
Fourth Round 129th Rhamondre Stevenson 161 Cerritos / Oklahoma
0%
Third Round 83rd Tommy Tremble 89 Notre Dame
0%
No matching quizzes found
Score Distribution
Percent of People with Each Score
Percentile by Number Answered
Your Score History
You have not taken this quiz since the last reset